000 00993nam a2200253Ia 4500
003 OSt
005 20221005112601.0
006 a|||||r|||| 00| 0
007 ta
008 221004b |||||||| |||| 00| 0 pan d
020 _a9789383391882 (hbk)
_cINR 450.00
024 _a44920
037 _bSP/6267, 11/02/2019, Star Publications Pvt. Ltd.
_cTextual
040 _aCRL
_cCRL
_bpan
041 _2pan
_apan
082 _aQ8441:21:g, 153Q8
100 _aਕੌਰ, ਗਗਨਦੀਪ, ਂਚ.
245 0 _aਸ੍ਰੀ ਗੁਰੂ ਗ੍ਰੰਥ ਸਾਹਿਬ ਅਤੇ ਭਾਰਤੀ ਮਿਥ ਪਰੰਪਰਾ
260 _aਚੰਡੀਗੜ੍ਹ
_bਲੋਕਗੀਤ ਪ੍ਰਕਾFਨ ਭਾਰਤ
_c2018
300 _a215ਪ੍ਰ0
_ccm.
650 _aਸਿੱਖ ਧਰਮ
_9156314
942 _hQ8441:21:g, 153Q8
_cTEXL
_2cc
999 _c1025331
_d1025331